000 00326 a2200109 4500
001 ART_61204
005 20260410162010.0
008 260409a
245 1 0 _aDaños en el derecho de familia
100 1 _aMontalto, Ana M.
773 0 _tTemas de derecho civil
_g- Año 10, N° 8/9 (ago./sep. 2024)
_wREV34778
999 _c32144
_d32144